Case Of Antibiotic Resistant Staphylococcus Aureus On Pigs And Slaughterhouse Enviroment In Commune 4, Mittapheap District, Sihanouk Ville. ករណី Staphylococcus ស៊ាំនឹងឳសថអង់ទីប៊ីយ៉ូទិកលើជ្រូក និងបរិស្ថាននៅទីសត្តឃាតដ្ឋានក្នុងសង្កាត់៤ខណ្ឌ មិត្តភាព ក្រុងព្រះសីហនុ (Record no. 25562)

000 -LEADER
fixed length control field 00754nam a22001217a 4500
040 ## - CATALOGING SOURCE
Transcribing agency RUA
082 ## - DEWEY DECIMAL CLASSIFICATION NUMBER
Classification number VEM HAI 2025 B705 Or.1
100 ## - MAIN ENTRY--AUTHOR NAME
Personal name HAI LYHOUR, ហៃ លីហួ
245 ## - TITLE STATEMENT
Title Case Of Antibiotic Resistant Staphylococcus Aureus On Pigs And Slaughterhouse Enviroment In Commune 4, Mittapheap District, Sihanouk Ville. ករណី Staphylococcus ស៊ាំនឹងឳសថអង់ទីប៊ីយ៉ូទិកលើជ្រូក និងបរិស្ថាននៅទីសត្តឃាតដ្ឋានក្នុងសង្កាត់៤ខណ្ឌ មិត្តភាព ក្រុងព្រះសីហនុ
260 ## - PUBLICATION, DISTRIBUTION, ETC. (IMPRINT)
Place of publication PHNOM PENH
Name of publisher RUA
Year of publication 2025
300 ## - PHYSICAL DESCRIPTION
Number of Pages xi,44p.
Other physical details ill.
Dimensions 29cm.
942 ## - ADDED ENTRY ELEMENTS (KOHA)
Koha item type សារណាបទ
952 ## - LOCATION AND ITEM INFORMATION (KOHA)
Withdrawn status [LOCAL, KOHA] 0
952 ## - LOCATION AND ITEM INFORMATION (KOHA)
Withdrawn status [LOCAL, KOHA] 0
Holdings
Permanent Location Date acquired Koha item type Lost status Shelving location Barcode Current Location Full call number
Library Block B2026-03-12សារណាបទ B705C034479Library Block BVEM HAI 2025 B705 Or.1
Library Block B2026-03-12សារណាបទ B705C034502Library Block BVEM HAI 2025 B705 Or.2
មជ្ឈមណ្ឌលឯការនៃសាកលវិទ្យាល័យភូមិន្ទកសិកម្មចំការដូង

Powered by Koha